Death angel : (Record no. 14394)
[ view plain ]
| 000 -LEADER | |
|---|---|
| fixed length control field | 00702cam a2200217 a 4500 |
| 020 ## - ISBN | |
| International Standard Book Number | 9780345486547 (acidfree paper) |
| 050 00 - LIBRARY OF CONGRESS CALL NUMBER | |
| Classification Number | PS 3558.O8 |
| Item Number | D43 2008b |
| 100 1# - MAIN ENTRY--Author | |
| Personal name | Howard, Linda, |
| Dates associated with a name | 1950- |
| 245 10 - TITLE | |
| Title | Death angel : |
| Remainder of title | a novel / |
| Statement of responsibility, etc | Linda Howard. |
| 250 ## - EDITIONSTATEMENT | |
| Edition statement | 1st ed. |
| 260 ## - PUBLICATION, DISTRIBUTION, ETC.(IMPRINT) | |
| Place of publication, distribution, etc | New York : |
| Name of publisher, distributor, etc | Ballantine Books, |
| Date of publication, distribution, etc | c2008. |
| 300 ## - PHYSICAL DESCRIPTION | |
| Extent | 341 p. ; |
| 650 #0 - SUBJECT--TOPIC | |
| Form subdivision | Fiction. |
| 650 #0 - SUBJECT--TOPIC | |
| Form subdivision | Fiction. |
| 650 #0 - SUBJECT--TOPIC | |
| Form subdivision | Fiction. |
| 650 #0 - SUBJECT--TOPIC | |
| Form subdivision | Fiction. |
| 856 42 - URL/ELECTRONIC LOCATION AND ACCESS | |
| Uniform Resource Identifier | <a href="http://www.loc.gov/catdir/enhancements/fy0835/2008299451-b.html">http://www.loc.gov/catdir/enhancements/fy0835/2008299451-b.html</a> |
| 856 42 - URL/ELECTRONIC LOCATION AND ACCESS | |
| Uniform Resource Identifier | <a href="http://www.loc.gov/catdir/enhancements/fy0835/2008299451-d.html">http://www.loc.gov/catdir/enhancements/fy0835/2008299451-d.html</a> |
| 856 41 - URL/ELECTRONIC LOCATION AND ACCESS | |
| Uniform Resource Identifier | <a href="http://www.loc.gov/catdir/enhancements/fy0835/2008299451-s.html">http://www.loc.gov/catdir/enhancements/fy0835/2008299451-s.html</a> |
| 942 ## - ADDED ENTRY ELEMENTS(KOHA) | |
| Source of classification or shelving scheme | Library of Congress Classification |
| Koha item type | General circulation |
| Source of classification or shelving scheme | Not for loan | Location (home branch) | Sublocation (holding branch) | Shelving location | Date accessioned | Full call number | Barcode | Koha item type | Public note |
|---|---|---|---|---|---|---|---|---|---|
| Library of Congress Classification | Main Campus Library | Main Campus Library | 23/05/2016 | PS 3558.O8 D43 2008 | 2016/014882 | General circulation | em |